Women in Love

Dades bibliogràfiques
Autor principal: D. H. Lawrence
Sumari:Книга находится в премиум-версии платформы «Русский как иностранный».
The novel tells of the relationships of two sisters, Ursula and Gudrun, who live in a Midland colliery town in the years before the First World War. Ursula falls in love with Birkin (a thinly disguised portrait of Lawrence himself) and Gudrun has an intense but tragic affair with Gerald, the son of a local colliery owner.
Publicat: Москва, T8RUGRAM, 2018
Matèries:
Accés en línia:Перейти к просмотру издания
Format: MixedMaterials Electrònic

MARC

LEADER 00000 a2200000 4500
001 RU/ROS-EDU.RU/85011
856 4 |u https://www.ros-edu.ru/book?id=85011  |z Перейти к просмотру издания 
010 |a 978-5-521-06233-1 
100 |a 20180101d2018 |||y0rusy0250  
105 |a y z 000zy 
101 0 |a rus 
102 |a RU 
200 1 |a Women in Love  |b Электронный ресурс  |f D. H. Lawrence 
700 1 |b D. H.  |a Lawrence  |4 070 
330 |a The novel tells of the relationships of two sisters, Ursula and Gudrun, who live in a Midland colliery town in the years before the First World War. Ursula falls in love with Birkin (a thinly disguised portrait of Lawrence himself) and Gudrun has an intense but tragic affair with Gerald, the son of a local colliery owner. 
210 |a Москва  |c T8RUGRAM  |d 2018 
610 1 |a художественная литература 
610 1 |a английский язык 
610 1 |a зарубежная проза 
610 1 |a классика 
610 1 |a роман 
675 |a 82 
686 |a 84  |2 rubbk 
300 |a Книга находится в премиум-версии платформы «Русский как иностранный». 
215 |a 657 с.